[Event "Las Vegas blindfold sim"]
[Site "Las Vegas"]
[Date "2016.12.03"]
[Round "1.47"]
[White "Gareyev, Timur"]
[Black "Jorasch, James"]
[Result "1-0"]
[WhiteElo "2618"]
[BlackElo "1943"]
[PlyCount "95"]
[EventDate "2016.12.03"]
[EventType "simul"]
[EventRounds "1"]
[EventCountry "USA"]
[SourceTitle "CBM 175 Extra"]
[Source "ChessBase"]
[SourceDate "2016.12.12"]
[SourceVersion "1"]
[SourceVersionDate "2016.12.12"]
[SourceQuality "1"]

1. e4 c5 2. Nf3 d6 3. d4 cxd4 4. Nxd4 Nf6 5. f3 e5 6. Bb5+ Bd7 7. Bxd7+ Qxd7 8. Nf5 d5 9. Bg5 dxe4 10. Bxf6 Qxd1+ 11. Kxd1 gxf6 12. fxe4 Nc6 13. Nc3 0-0-0+ 14. Nd5 Nb4 15. c4 Nd3 16. Kc2 Nb4+ 17. Kc3 Nxd5+ 18. cxd5 Rg8 19. g3 Kd7 20. Kd3 Rc8 21. Rhc1 Rxc1 22. Rxc1 Bd6 23. Ke3 Rg5 24. Kf3 Rg8 25. g4 Rd8 26. h4 Rg8 27. Rg1 Rc8 28. g5 Be7 29. gxf6 Bxf6 30. Ne3 Bxh4 31. Rg7 Rf8 32. Nf5 Bf6 33. Rxh7 Be7 34. Nh6 Ke8 35. Ng4 Bd6 36. Rh6 f5 37. Re6+ Kd8 38. Rxd6+ Kc7 39. Re6 fxg4+ 40. Kg2 Kd7 41. Rxe5 Rf4 42. Kg3 Rf1 43. Kxg4 Rf2 44. Rf5 Rxb2 45. Kf4 Ke7 46. Ke5 Rxa2 47. d6+ Ke8 48. Ke6 1-0